Le projet urbain (Registro nro. 240312)
[ vista simple ]
| 000 -ENCABEZADO | |
|---|---|
| Número de control [NR] | 00896cam a2200277Li 4500 |
| 005 - FECHA Y HORA DE LA ÚLTIMA TRANSACCIÓN | |
| control field | 20140903175048.0 |
| 008 - DE LONGITUD FIJA DE DATOS DE ELEMENTOS - INFORMACIÓN GENERAL | |
| Elementos de longitud fija [NR] | 140423s2010 fr a frb 000 0 fre d |
| 020 ## - NUMERO INTERNACIONAL NORMALIZADO PARA LIBROS [R] | |
| Número Internacional Normalizado del libro [NR] | 2130583024 |
| 020 ## - NUMERO INTERNACIONAL NORMALIZADO PARA LIBROS [R] | |
| Número Internacional Normalizado del libro [NR] | 9782130583028 |
| 040 ## - FUENTE DE CATALOGACION [NR] | |
| Agencia de catalogación original [NR] | CO-BoUCM |
| Idioma de catalogación [NR] | spa |
| Quien Cataloga | Jose A. Gerena |
| Quien Clasifica | Jose A. Gerena |
| 041 ## - CODIGO DE IDIOMA [R] | |
| Código de idioma para texto/pista de sonido o título separado [R] | Francés |
| 100 1# - ASIENTO PRINCIPAL--NOMBRE PERSONAL [NR] | |
| Nombre personal [NR] | Ingallina, Patrizia |
| ID Autoridad | 60140 |
| 245 13 - MENCION DE TITULO [NR] | |
| Título [NR] | Le projet urbain |
| Mención de responsabilidad, etc. [NR] | Patrizia Ingallina |
| 250 ## - MENCION DE EDICION [NR] | |
| Mención de edición [NR] | 4e ed |
| 260 ## - PUBLICACION, DISTRIBUCION, ETC. (PIE DE IMPRENTA) [R] | |
| Lugar de publicación, distribución, etc. [R] | Paris (Francia) |
| Nombre del editor, distribuidor, etc. [R] | Presses universitaires de France |
| Fecha de publicación, distribución, etc. [R] | 2010 |
| 300 ## - DESCRIPCION FISICA [R] | |
| Extensión [R] | 127 páginas |
| Otros detalles físicos [NR] | ilustraciones |
| 490 1# - MENCION DE SERIE [R] | |
| Mención de serie [R] | Que sais-je ? |
| 504 ## - NOTA DE BIBLIOGRAFIA, ETC. [R] | |
| Nota de bibliografía, etc. [NR] | Incluye referencias bibliográficas |
| 650 #7 - ASIENTO SECUNDARIO DE MATERIA - TERMINO TEMATICO [R] | |
| Término temático o nombre geográfico como elemento de entrada [NR] | Ciudades y pueblos |
| Subdivisión general [R] | Planificación |
| 9 (RLIN) | 10965 |
| 650 #7 - ASIENTO SECUNDARIO DE MATERIA - TERMINO TEMATICO [R] | |
| Término temático o nombre geográfico como elemento de entrada [NR] | Desarrollo urbano |
| 9 (RLIN) | 12996 |
| 650 #7 - ASIENTO SECUNDARIO DE MATERIA - TERMINO TEMATICO [R] | |
| Término temático o nombre geográfico como elemento de entrada [NR] | Política urbana |
| 9 (RLIN) | 22027 |
| 650 #7 - ASIENTO SECUNDARIO DE MATERIA - TERMINO TEMATICO [R] | |
| Término temático o nombre geográfico como elemento de entrada [NR] | Urbanismo |
| 9 (RLIN) | 25989 |
| 690 ## - ASUNTO AGREGADO LOCAL DE ENTRADA - TÉRMINO TEMÁTICO (OCLC, RLIN) | |
| 9 (RLIN) | 42923 |
| Acceso temático local | Urbanismo |
| 942 ## - ELEMENTOS DE ENTRADA AGREGADOS (KOHA) | |
| Tema principal | Arte |
| Tipo de ítem principal el descrito en 300a | Libro |
| Edición | 1 |
| Parte restante de la signatura top. | I44p |
| Sistema de clasificación | DEWEY |
| Clasificación | 711.4 |
| Signatura topográfica | Código de barras | Última vez visto | Ejemplar | Costo de reposición | Price effective from | Tipo de ítem | Perdido | Sistema de clasificación | Dañado | No prestable | Tipo de ítem específico | Suprimido | Ubicación habitual | Ubicación actual | Localización | Fecha de creación | Proveedor | Forma de adquisición | Costo | Fecha de último préstamo | Total préstamos |
|---|---|---|---|---|---|---|---|---|---|---|---|---|---|---|---|---|---|---|---|---|---|
| 711.4 I44p | 100141531 | 06/12/2025 | Ej.1 | 36500.00 | 22/04/2014 | Libro | DEWEY | Libro | Claustro | Claustro | 2do piso | 22/04/2014 | 15 | Compra | 36500.00 | ||||||
| 711.4 I44p | 100141532 | 06/12/2025 | Ej.2 | 36500.00 | 22/04/2014 | Libro | DEWEY | Libro | Claustro | Claustro | 2do piso | 22/04/2014 | 15 | Compra | 36500.00 | ||||||
| 711.4 I44p | 100142730 | 06/12/2025 | Ej.4 | 33428.00 | 09/06/2014 | Libro | DEWEY | Libro | Claustro | Claustro | 2do piso | 09/06/2014 | 15 | Compra | 33230.00 | 07/04/2017 | 1 | ||||
| 711.4 I44p | 100142729 | 06/12/2025 | Ej.3 | 33428.00 | 09/06/2014 | Libro | DEWEY | Libro | Claustro | Claustro | 2do piso | 09/06/2014 | 15 | Compra | 33230.00 |